| 000 | 01261nas a2200265 454500 | ||
|---|---|---|---|
| 001 | 29919 | ||
| 005 | 20260407193508.0 | ||
| 008 | 260407s2013####ag###########|||spa#d | ||
| 003 | AR-UNSa-BCEJYS | ||
| 040 |
_aAR-UNSa-BCEJYS _bspa _cAR-UNSa-BCEJYS |
||
| 080 |
_a343.2 _xDerecho penal |
||
| 245 | 1 | 0 |
_aIntercátedras _pDerecho Penal |
| 022 | _a2314-3185 | ||
| 264 | 1 |
_aBuenos Aires : _bMinisterio de Justicia y Derechos Humanos de la Nación _c2013 |
|
| 310 | _aFrecuencia: Anual | ||
| 520 | _aLa revista se propone reflejar la comunicación e interacción entre todos los docentes e investigadores del derecho penal y afines. El objetivo es generar un espacio para exponer ideas sobre distintos aspectos actuales del derecho penal, y se fomenten debates y discusiones enriquecedoras, buscando fortalecer los vínculos y las relaciones entre los jóvenes docentes de las distintas universidades y aquéllos con mayor experiencia. | ||
| 041 | _aspa | ||
| 942 | _cSER | ||
| 590 | _aniveau_biblio:s niveau_hierar:1 | ||
| 100 | 1 | _aDe Luca, Javier Augusto | |
| 700 | 1 | _aErbetta, Daniel Aníbal | |
| 650 | _aDerecho | ||
| 650 | _aDerecho penal | ||
| 856 | 4 | 1 |
_uhttps://biblioeco.unsa.edu.ar/pmb/images/revistas/Interc?tedras-r14481.jpg _yImagen de portada _qimage/jpeg |
| 999 |
_c8681 _d8681 |
||